000 01100 a2200241 4500
005 20080910142846.0
008 080910t xxu||||| |||| 00| 0 hin d
010 _aHIN-79483
020 _c200.00
_a818166146x
035 _aHN-51829
037 _bD.B.Act / pub
082 _a
100 _aशर्मा, क्षितिज
245 _aगोरखधंधा
_cक्षितिज शर्मा
246 _aGorakhdhanda
_bby Kshitij Sharma
260 _aदिल्ली
_bमेधा बुक्स
_c2006
270 _aएक्स-11, नवीन शाहदरा
_bदिल्ली
_e110032
_k22323672
_mmedhabooks@rediffmail.com
300 _a165पृ
_c22 सेमी (सजिल्द)
650 _aहिन्दी कहानियाँ
650 _aHindi Stories
942 _adpl
_cHN
_kक / शर्माक्षि
_2ddc
_h
_mशर्माक्षि
999 _c2833
_d2833